'P' Sorting Gallery Quiz Stats

 Plays Quiz Updated Sep 10, 2019

Score 0/55 Timer 04:00
92 Plays Today
% Correct
Packers
96.8%
Pakistan
96.3%
Pacers
95.8%
Patriots
95.7%
Panthers
95.5%
Poland
95.2%
Paraguay
94.8%
Philippines
94.6%
Panama
94.5%
Portugal
94.5%
Pirates
93.7%
Plutonium
93.7%
Pelicans
93.6%
Potassium
93.4%
Platinum
93.2%
Paris
92.7%
Pistons
92.7%
Peru
92.4%
Palladium
92%
Prague
92%
Polonium
91.8%
Predators
91.4%
Protactinium
91.3%
Phosphorus
90.6%
Palestine
90.6%
Promethium
90.4%
Paul
90%
Phillies
89.7%
% Correct
Padres
88.5%
Poodle
88.4%
Phoenix
87.1%
Pug
86.2%
Peter
85.6%
Pomeranian
81.8%
Providence
81.8%
Pretoria
79.8%
Pius
78.5%
Pierce
78.1%
PSV Eindhoven
75.8%
Palau
74.7%
Polk
74.5%
Panathinaikos
68.6%
Pierre
66.3%
Peridot
63.7%
Pristina
57.9%
Papillon
57.9%
Podgorica
56.3%
Paschal
56.1%
Petr┼żalka
54.9%
Porto
53.9%
Pontian
52.5%
Praia
51.9%
Partizan
47.8%
Palikir
43.8%
Pelagius
38.7%

You're not logged in!

Compare scores with friends on all Sporcle quizzes.
OR
Log In

Show Comments

Extras

Top Quizzes Today


Score Distribution

Your Account Isn't Verified!

In order to create a playlist on Sporcle, you need to verify the email address you used during registration. Go to your Sporcle Settings to finish the process.

Report this User

Report this user for behavior that violates our Community Guidelines.

Details: